000 00527nam a22001697a 4500
005 20241122094740.0
008 241122b |||||||| |||| 00| 0 eng d
020 _a978-0-7020-3126-7
082 _a617.605
_bADV
245 _aAdvanced Operative Dentistry:
_ba practical approach /
_cEdited by David Ricketts ; David Bartlett
260 _aUK :
_bElsevier ;
_c2011.
300 _axi, 333 p. :
_bill ;
_c28 cm.
500 _aInclude Index.
650 _aMedical / Dentistry
700 _aDavid Ricketts (Editor)
999 _c36780
_d36780